Normal view
MARC view
- Suwaidi, Jamal Sanad
Entry Personal Name
001 - CONTROL NUMBER
- control field: 7310
003 - CONTROL NUMBER IDENTIFIER
- control field: NUST
005 - DATE AND TIME OF LATEST TRANSACTION
- control field: 20171215094316.0
008 - FIXED-LENGTH DATA ELEMENTS
- fixed length control field: 171215|| aca||aabn | a|a d
040 ## - CATALOGING SOURCE
- Original cataloging agency: NUST
- Transcribing agency: NUST
100 ## - HEADING--PERSONAL NAME
- Personal name: Suwaidi, Jamal Sanad
- Dates associated with a name: 1978-
670 ## - SOURCE DATA FOUND
- Source citation: Work cat.: (NUST)0: 880-01 Suwaidi, Jamal Sanad 1978-, Sarab /
